000 00546nam a2200169 a 4500
005 20140310183207.0
008 030120s19uu xx 00 eng d
050 _aDS 664
_b.D45 2002
100 _aDe la Torre, Visitacion "CHIT" R.
245 _aCultural icons of the Philippines /
_cVisitacion "CHIT" R. De La Torre.
260 _aMakati City :
_bTower Book House,
_c2002.
300 _a252 p. :
_bill. col. ;
_c31 cm.
650 _aCultural icons
_xPhilippines
650 _aPopular images
_xPhilippines
942 _cBK
_2lcc
999 _c20014
_d20014